Der Petrus-Segen; (Record no. 4267)

MARC details
000 -LEADER
fixed length control field 00572cam a22001931 4500
001 - CONTROL NUMBER
control field af 48000911
003 - CONTROL NUMBER IDENTIFIER
control field DLC
005 - DATE AND TIME OF LATEST TRANSACTION
control field 20260227110846.0
008 - FIXED-LENGTH DATA ELEMENTS--GENERAL INFORMATION
fixed length control field 890410s1940 gw ac 000 0 ger c
010 ## - LIBRARY OF CONGRESS CONTROL NUMBER
LC control number af 48000911
035 ## - SYSTEM CONTROL NUMBER
System control number (OCoLC)19526564
040 ## - CATALOGING SOURCE
Original cataloging agency Yale Univ. Library
Transcribing agency CU
Modifying agency DLC
042 ## - AUTHENTICATION CODE
Authentication code premarc
050 00 - LIBRARY OF CONGRESS CALL NUMBER
Classification number PT2639.T13
Item number Z5 1940
100 1# - MAIN ENTRY--PERSONAL NAME
Personal name Stach, Ilse von,
Dates associated with a name 1879-
245 14 - TITLE STATEMENT
Title Der Petrus-Segen;
Remainder of title Erinnerungen und Bekenntnisse.
260 ## - PUBLICATION, DISTRIBUTION, ETC.
Place of publication, distribution, etc. Münster (Westf.)
Name of publisher, distributor, etc. Regensbergsche Verlagsbuchhandlung
Date of publication, distribution, etc. [1940]
300 ## - PHYSICAL DESCRIPTION
Extent 283 p.
Other physical details illus., ports.
Dimensions 20 cm.

No items available.

Powered by Koha